000 00695nam a2200217 i 4500
001 77548
003 ES-MaACL
005 20250603181856.0
007 t|
008 041020s2004 sp ||||1| spa d
020 _a84-206-4147-2
080 _a930.85(460):316.654
100 1 _aNúñez Florencio, Rafael.
_986198
245 1 0 _aCon la salsa de su hambre...
_b: los extranjeros ante la mesa hispana /
_cRafael Núñez Florencio.
260 _aMadrid :
_bAlianza Editorial,
_c[2004]
300 _a310 p. ;
_c23 cm.
504 _aBibliografía: p. [289]-310.
651 4 _aEspaña-
_xOpinión extranjera
_98389
852 _aES-MaACL
_jL-28303
_bR.134293
999 _c77548
_d77548